000 01054nam a22002657a 4500
999 _c143737
_d143737
005 20210204131319.0
010 _aENG-120058 B-736833
020 _c395.00
_a9788175360839
020 _c395.00
_a8175360836
020 _c250.00
035 _aEN-103590
035 _aB-736833
037 _bDBAD/PUB
037 _bGift/Eng/03-02-2021
082 _a954.07
100 _aCunningham,Joseph Davey
245 _aHistory of the Sikhs:
_bfrom the origin of the nation to battels of the Sutlej /
_cby Josheph Davey Cunningham ; edited by Herbert Leonard Offley Garrett
260 _aDelhi
_bLow Price Publications
_c2012
270 _aA-6,Second Floor, Nimri Commercial Center, Ashok Vihar Phase IV
_bDelhi
_e110052
300 _axlix, 402p.
_c22cm(pbk)
500 _aIncludes index
700 _aGarrett, Herbert Leonard Offley
942 _2ddc
_cEN
_h954.07
_mCUN